00736nam a2200193 a 450000100100000000500170001000800410002704000250006808200150009310000350010824500500014326000370019330000200023050001100025050000420036004900090040295201140041199900170052500002845620200930054944.0110408s1990 dr 000 0 spa d aDO-SdBNPbspacBNPHU axxxbT465c1 aThomen, Anthoniod1933-95541610aCrisis alcohol y proceres /cAnthonio Thomen. aSanto Domingo :b[S. n.],c1990. a13 p. ;c20 cm. aRecopilación de artículos publicado originalmente en los periódicos El Nacional, Nuevo Diario y Hoy aIncluye notas al pie de las páginas aBNPD 00107-18PDaPDbPDcOId2011-04-08iLF1l0oxxx T465cp28456-10r2020-06-25w2020-06-25yLFPDZNo se presta c27948d27948